Statistics for Nations Without Prefixes

Click here to take the quiz!

General Stats

  • This quiz has been taken 14 times
  • The average score is 9 of 27

Answer Stats

HintAnswer% Correct
North AmericaCanada
83%
OceaniaAustralia
75%
North AmericaBelize
67%
North AmericaBarbados
58%
North AmericaAntigua and Barbuda
50%
North AmericaJamaica
50%
AsiaJapan
50%
OceaniaTuvalu
50%
North AmericaGrenada
42%
OceaniaNew Zealand
42%
North AmericaSaint Lucia
42%
North AmericaSaint Vincent and the Grenadines
42%
EuropeBosnia and Herzegovina
33%
EuropeIreland
33%
AsiaMongolia
33%
OceaniaSolomon Islands
33%
EuropeUkraine
33%
AfricaBurkina Faso
17%
EuropeHungary
17%
AsiaMalaysia
17%
EuropeRomania
17%
AsiaTurkmenistan
17%
AsiaGeorgia
8%
EuropeMontenegro
8%
OceaniaNiue
8%
OceaniaTokelau
8%
AsiaBrunei Darussalam
0%

Score Distribution

Percentile by Number Answered

Percent of People with Each Score

Your Score History

You have not taken this quiz